Géographie de l'Amérique du Sud par lettre - S - Statistiques

Statistiques générales
  • Ce quiz a été pris 73 fois
  • Le résultat moyen est 8 sur 20
Statistiques - réponses
Question Réponse % Correct
Capitale du Chili Santiago
95%
Genre musical originaire du Brésil et associé au Carnaval de Rio Samba
86%
Ancienne Guyane hollandaise Suriname
83%
Capitale constitutionnelle bolivienne Sucre
82%
Catastrophe naturelle auquel sont sujets les pays de la "ceinture de feu" : Chili, Pérou, Equateur Séisme
73%
Chanteuse colombienne, "reine de la musique latine" Shakira
61%
Mot d'origine amérindienne, désignant une plaine couvertes d'herbes plus ou moins sèches et de buissons avec quelques arbres ou arbustes. Terme plus tard associé aux plaines africaines Savane
47%
Le Brésil est devenu le 1er producteur mondial de cette légumineuse très utilisée en alimentation humaine et surtout animale Soja
45%
Ainsi qualifié ce chapeau emblématique du Mexique devient un symbole national colombien {Sombrero} vueltiao
44%
Périphrase qui désigne l'Uruguay, bien qu'il ne soit pas du tout un pays montagneux La {Suisse} d'Amérique du Sud
30%
Principale ville du Nordeste brésilien Salvador
30%
Désert de sel. L'un des plus connus est celui d'Uyuni en Bolivie Salar
26%
Monnaie péruvienne Sol
24%
Département de Colombie, homonyme d'une ville espagnole de Cantabrie Santander
17%
Ville la plus peuplée de Bolivie Santa Cruz de la Sierra
14%
Plante amazonienne utilisée comme édulcorant Stevia
14%
Organisation terroriste péruvienne qui a mené une guerilla dans les années 1980 Sentier Lumineux
12%
Capitale de l'État brésilien du Maranhão Saõ Luis
9%
Point culminant de la Bolivie Nevado {Sajama}
5%
Archipel colombien situé dans la mer des Caraïbes San Andrés, Providencia et Santa Catalina
3%
Aucun quiz correspondant
Distribution des résultats
% des personnes avec chaque résultat
Percentile par nombre de réponses
Votre historique - résultats
Vous n’avez pas pris ce quiz